000 00518nam a22001697a 4500
999 _c9131
_d9131
008 210325b ||||| |||| 00| 0 eng d
040 _aBMS College of Architecture
100 _aValia, R, Bansri
245 _aResham Nagiri- silkcity Doddaballapur
300 _a82p.
500 _a1BM05AT006
502 _8B.Arch
_NBMS College of Architecture, Visvesvaraya Technological University
_aProject report
_d2010
650 _aDoddaballapur
700 _aPushpa D
_eGuide
700 _aK Manjula
_eGuide
942 _2ddc
_cTHE